[Event "CRO-chT3 Center-A"]
[Site "Zagreb"]
[Date "2011.10.02"]
[Round "7.54"]
[White "Koporcic, Branko"]
[Black "Golub, Vladimir"]
[Result "0-1"]
[WhiteElo "1986"]
[BlackElo "2056"]
[PlyCount "120"]
[EventDate "2011.03.13"]
[EventType "team-tourn"]
[EventRounds "11"]
[EventCountry "CRO"]
[SourceTitle "EXT 2014"]
[Source "ChessBase"]
[SourceDate "2013.11.20"]
[SourceVersion "1"]
[SourceVersionDate "2013.11.20"]
[SourceQuality "1"]

1. d4 Nf6 2. c4 e6 3. Nf3 d5 4. Nc3 c6 5. e3 Nbd7 6. Bd3 dxc4 7. Bxc4 Bd6 8. e4 e5 9. 0-0 0-0 10. h3 b5 11. Bd3 Re8 12. Re1 b4 13. Na4 Qa5 14. Bc2 Ba6 15. dxe5 Bxe5 16. Nxe5 Nxe5 17. Bg5 Rad8 18. Qc1 Bd3 19. f4 Bxc2 20. Qxc2 Nd3 21. Re3 h6 22. Bxf6 gxf6 23. Rxd3 Rxd3 24. Qxd3 Qxa4 25. b3 Qb5 26. Qxb5 cxb5 27. Re1 a5 28. Kf2 Rc8 29. Kf3 Rc3+ 30. Re3 Rc2 31. Re2 Rc3+ 32. Kg4 a4 33. bxa4 bxa4 34. Rb2 b3 35. axb3 Rxb3 36. Ra2 a3 37. h4 Kg7 38. h5 Re3 39. Kf5 Rg3 40. Rd2 Rb3 41. Ra2 Rg3 42. Ra1 Rb3 43. g4 Rb5+ 44. e5 Ra5 45. Ra2 fxe5 46. fxe5 f6 47. Kf4 fxe5+ 48. Kf5 Kf7 49. g5 e4+ 50. Kxe4 hxg5 51. Kf3 Ra4 52. Kg3 Kg7 53. Kh3 Kh6 54. Kg3 Kxh5 55. Rh2+ Kg6 56. Ra2 Kf5 57. Rf2+ Ke5 58. Re2+ Kd5 59. Rd2+ Kc5 60. Rc2+ Rc4 0-1

[Event "CRO-chT3 Center-A"]
[Site "Zagreb"]
[Date "2011.04.03"]
[Round "4.45"]
[White "Koporcic, Branko"]
[Black "Sukunda, Darko"]
[Result "1-0"]
[WhiteElo "1986"]
[BlackElo "2117"]
[PlyCount "63"]
[EventDate "2011.03.13"]
[EventType "team-tourn"]
[EventRounds "11"]
[EventCountry "CRO"]
[SourceTitle "EXT 2014"]
[Source "ChessBase"]
[SourceDate "2013.11.20"]
[SourceVersion "1"]
[SourceVersionDate "2013.11.20"]
[SourceQuality "1"]

1. d4 Nf6 2. c4 g6 3. Nc3 d5 4. cxd5 Nxd5 5. e4 Nxc3 6. bxc3 Bg7 7. Nf3 0-0 8. Rb1 c5 9. Be2 Nc6 10. d5 Ne5 11. Nxe5 Bxe5 12. Qd2 Qa5 13. Rb3 Qd8 14. f4 Bg7 15. 0-0 b6 16. e5 Bf5 17. c4 Qd7 18. h3 h5 19. Bb2 f6 20. Re3 fxe5 21. Bxe5 Bf6 22. Qd1 Qd8 23. g4 hxg4 24. hxg4 Bd7 25. Qc2 Kg7 26. Bd3 Bxg4 27. Bxg6 Qd7 28. f5 Rh8 29. Qg2 Bxe5 30. Rxe5 Bh3 31. Qg5 Kf8 32. Rfe1 1-0

[Event "CRO-chT3"]
[Site "Zagreb"]
[Date "2008.04.20"]
[Round "4"]
[White "Koporcic, Branko"]
[Black "Basaric, Srdjan"]
[Result "1/2-1/2"]
[WhiteElo "2057"]
[BlackElo "2009"]
[PlyCount "74"]
[EventDate "2008.03.30"]
[EventType "team-tourn"]
[EventRounds "9"]
[EventCountry "CRO"]
[SourceTitle "EXT 2011"]
[Source "ChessBase"]
[SourceDate "2010.11.26"]
[SourceVersion "1"]
[SourceVersionDate "2010.11.26"]
[SourceQuality "1"]

1. d4 d5 2. c4 Nc6 3. cxd5 Qxd5 4. Nf3 e5 5. Nc3 Bb4 6. dxe5 Bxc3+ 7. bxc3 Qc5 8. Qc2 Bf5 9. Qb3 Nxe5 10. Nd4 Be6 11. Nxe6 fxe6 12. Qxe6+ Ne7 13. Qb3 Ng4 14. e3 Rf8 15. Ba3 Qe5 16. Qb5+ Qxb5 17. Bxb5+ c6 18. Be2 Nxf2 19. Rf1 Ne4 20. Rxf8+ Kxf8 21. Rb1 b6 22. Bf3 Nxc3 23. Rc1 Ncd5 24. Rxc6 Rd8 25. Bxd5 Rxd5 26. Rc7 Re5 27. Ke2 a5 28. Rb7 Re6 29. Bxe7+ Rxe7 30. Rxb6 Re4 31. a3 Ke7 32. Kd3 Ra4 33. Rb3 h5 34. g3 h4 35. gxh4 Rxh4 36. Rb2 Ra4 37. Ra2 Kf6 1/2-1/2

[Event "CRO-chT3"]
[Site "Zagreb"]
[Date "2008.04.06"]
[Round "2"]
[White "Koporcic, Branko"]
[Black "Golub, Vladimir"]
[Result "1/2-1/2"]
[WhiteElo "2057"]
[BlackElo "2085"]
[PlyCount "58"]
[EventDate "2008.03.30"]
[EventType "team-tourn"]
[EventRounds "9"]
[EventCountry "CRO"]
[SourceTitle "EXT 2011"]
[Source "ChessBase"]
[SourceDate "2010.11.26"]
[SourceVersion "1"]
[SourceVersionDate "2010.11.26"]
[SourceQuality "1"]

1. d4 Nf6 2. c4 e6 3. Nf3 d5 4. e3 Be7 5. Nc3 0-0 6. Bd3 c6 7. 0-0 Nbd7 8. b3 a6 9. Bb2 b5 10. cxb5 cxb5 11. Qe2 Bb7 12. Rfc1 Ne4 13. Ne5 f6 14. Nxd7 Qxd7 15. f3 Nxc3 16. Bxc3 f5 17. Ba5 Rfc8 18. b4 Rc6 19. Rxc6 Qxc6 20. Qc2 Rc8 21. Rc1 Bd6 22. Qxc6 Rxc6 23. Rxc6 Bxc6 24. f4 h6 25. a3 Kf7 26. Be2 g5 27. Bh5+ Ke7 28. g3 Be8 29. Be2 g4 1/2-1/2